| 000 | 00338nam a22001337a 4500 | ||
|---|---|---|---|
| 020 | _a0000000572330 | ||
| 040 | _cNUST | ||
| 082 | _a891.4393 ASL | ||
| 100 |
_aAslam Rahi _989543 |
||
| 245 |
_aSultan Suleman; _b Andheron Kay Sarban |
||
| 260 |
_aLAHORE: _bHammad Publisher, _c2018. |
||
| 650 |
_aUrdu Adab-Novel _989544 |
||
| 942 |
_2ddc _cBK |
||
| 999 |
_c587666 _d587666 |
||